Fr. Conceicao Rodrigues College of Engineering

Introduction of Machine tools (Record no. 22649)

MARC details
000 -LEADER
fixed length control field 00259nam a2200133Ia 4500
082 ## - DEWEY DECIMAL CLASSIFICATION NUMBER
Classification number 621.902
Item number INT
100 ## - MAIN ENTRY--PERSONAL NAME
Personal name None
245 ## - TITLE STATEMENT
Title Introduction of Machine tools
260 ## - PUBLICATION, DISTRIBUTION, ETC.
Name of publisher, distributor, etc. none
300 ## - PHYSICAL DESCRIPTION
Extent 79
546 ## - LANGUAGE NOTE
Language note ENGLISH
654 ## - SUBJECT ADDED ENTRY--FACETED TOPICAL TERMS
Focus term machine
942 ## - ADDED ENTRY ELEMENTS (KOHA)
Koha item type BOOK
Holdings
Withdrawn status Lost status Damaged status Not for loan Collection Home library Current library Date acquired Total Checkouts Full call number Barcode Date last seen Price effective from Koha item type
        CRC Fr. Agnel's C.Rodrigues College of Engineering Fr. Agnel's C.Rodrigues College of Engineering 17/03/2023   621.902 INT 2091 17/03/2023 17/03/2023 BOOK